000
00264nam a22001217a 4500
008
170607b xxu||||| |||| 00| 0 eng d
041
_a
eng
080
_a
94(7/8)
100
_a
18
101
_a
SHH
245
_a
STEEL AND STEAM
_c
WEISBERGER, B.A
942
_2
udc
_c
BK
999
_c
16318
_d
16318